000 00737nam a2200289Ia 4500
008 160803s9999 xx 000 0 und d
020 _a9780439791458
100 _aCollins, Suzanne
245 _aGregor and the marks of secret /
245 _cSuzanne Collins.
260 _aNew York :
260 _bScholastic Inc.
260 _c2006
300 _a343 pages ;
300 _c22 cm.
500 _aSequel to: Gregor and the curse of the warmbloods.
650 _aAnimals --
650 _aAnimals --
650 _aFantasy fiction --
650 _aWar --
650 _aWar stories.
650 _xFiction.
650 _xFiction.
650 _xJuvenile fiction.
650 _xJuvenile fiction.
700 _a730
999 _c298212
_d298212